000 00709nam a2200289Ia 4500
005 20260324145311.0
008 008 260324s9999 xx 000 0 eng d
020 _a9780203056653
037 _aEBOOK
040 _aCRL
040 _beng
040 _cCRL
041 _2eng
041 _aeng
084 _qCRL
100 _aH. Wainer; S. Messick
_91222480
245 0 _aPrincipals of Modern Psychological Measurement
245 2 _bA Festschrift for Frederic M. Lord
260 _bTaylor and Francis
260 _c1983
365 _a
365 _b65.99
856 _uhttp://www.taylorfrancis.com/books/9780203056653
942 _cEBOOK
999 _c1830182
_d1830182